| 000 | 01211nam a2200337 a 4500 | ||
|---|---|---|---|
| 001 | 000107890 | ||
| 003 | CHAP | ||
| 005 | 20220329143948.0 | ||
| 008 | 131114s2012 mx a |r| |1|||||spa d | ||
| 010 | _a104352 | ||
| 011 | _a105324 | ||
| 020 | _a9786071202499 | ||
| 040 | _cCHAP | ||
| 082 | 0 | 4 |
_a630.71097244 _bE56 2010 |
| 111 | 2 | 0 |
_aEncuentro Nacional de Escuelas Campesinas _n(8 : _d2010 : _cSan Luis Potosí, S.L.P.) _9124620 |
| 245 | 1 | 0 |
_aMemoria del octavo encuentro nacional de escuelas campesinas : _bcompartiendo agri-culturas de la Huasteca Potosina / _ccoordinado y editado por Bernardino Mata García. |
| 260 |
_aChapingo, Méx. : _bUACH, _c2012. |
||
| 300 |
_a151 p. : _bil. |
||
| 590 |
_aBATCH-UPD _b05 _c20131114 _lUCH01 _h1249 |
||
| 590 |
_aBATCH-UPD _b05 _c20131118 _lUCH01 _h0959 |
||
| 590 |
_aE6096MTM _b05 _c20131114 _lUCH01 _h1248 |
||
| 590 |
_aE6096MTM _b05 _c20131114 _lUCH01 _h1303 |
||
| 650 | 1 | 4 |
_aEducación agrícola _xCongresos. _935504 |
| 650 | 1 | 4 |
_aEducación rural. _935586 |
| 650 | 1 | 4 |
_aEscuelas agrícolas _xCongresos. _937628 |
| 650 | 1 | 4 |
_aExtensión agrícola. _939144 |
| 700 | 0 |
_aMata García, Bernardino _ecoord. y ed. _972863 |
|
| 901 | _aBK | ||
| 942 | _cLIBRO | ||
| 942 | _n0 | ||
| 999 |
_c104352 _d104352 |
||